00429nam a2200145Ia 4500008004100000041000900041082001900050100001900069245002000088260004600108300000800154650000800162999001700170952009600187230718s9999 xx 000 0 und d aEng. a348.519bKHO-C aKhokhar, Akram 0aCivil Law cases aPakistanbSupreme Court of Pakistanc2016 a176 aLaw c31295d31295 00104070aSIRC-LbSIRC-Ld2023-07-18l0o348.519 KHO-Cp26246r2023-07-18w2023-07-18yBK